Návrh systémového riešenia na stabilizáciu zamestnancov v podniku Bizlink Technology (Slovakia) s.r.o.

Salvato in:
Dettagli Bibliografici
Autore principale: Kňažková, Barbora (Autore)
Altri autori: Holeček, Jaroslav (Relatore della tesi)
Natura: Manoscritto Libro
Lingua:slovacco
Pubblicazione: 2019
Soggetti:
Accesso online:http://is.stuba.sk/zp/portal_zp.pl?podrobnosti=144321
Tags: Aggiungi Tag
Nessun Tag, puoi essere il primo ad aggiungerne!!

MARC

LEADER 00000ntm a22000003a 4500
001 stuzp72758
003 SK-STU
005 20190608211042.1
007 ta
008 150427s2015----xo-----f-mn---000-0-slo-d
040 |a STU  |b slo 
041 0 |a slo 
100 1 |a Kňažková, Barbora  |u 064000  |k Z4  |4 aut  |U MTF Materiálovotechnologická fakulta  |T MTF Ústav priemyselného inžinierstva a manažmentu  |X 73859  |U M4000  |Y 84  |7 73859 
242 0 1 |a Proposal of system solution for stabilization of employees in selected in the company Bizlink Technology (Slovakia) s.r.o.  |y eng 
245 1 0 |a Návrh systémového riešenia na stabilizáciu zamestnancov v podniku Bizlink Technology (Slovakia) s.r.o. 
260 |c 2019 
650 4 |a stabilizácia zamestnancov  |2 slo 
650 4 |a dôsledky nespokojnosti  |2 slo 
650 4 |a fluktuácia  |2 slo 
650 4 |a absencia  |2 slo 
650 4 |a zníženie výkonu  |2 slo 
650 4 |a proces stabilizovania  |2 slo 
650 4 |a motivácia  |2 slo 
650 4 |a spokojnosť zamestnancov  |2 slo 
650 4 |a stabilization of employees  |2 eng 
650 4 |a consequences of dissatisfaction  |2 eng 
650 4 |a fluctuation  |2 eng 
650 4 |a absence in work  |2 eng 
650 4 |a decrease of duty  |2 eng 
650 4 |a stabilization process  |2 eng 
650 4 |a motivation  |2 eng 
650 4 |a satisfaction of employees  |2 eng 
700 1 |a Holeček, Jaroslav  |u 064000  |k Z1  |4 ths  |U MTF Materiálovotechnologická fakulta  |T MTF Ústav priemyselného inžinierstva a manažmentu  |X 53298  |U M4000  |Y 84  |7 A000053298 
856 4 |u http://is.stuba.sk/zp/portal_zp.pl?podrobnosti=144321 
996 |c M* DP-14106  |l MMSKP  |s P  |a 0  |w stuzp72758_0001